00774nam a2200253Ia 4500008004100000020001800041050001600059050001800075100002200093245007900115245003500194245004300229250002300272260001700295260002600312260000900338300001600347300002000363300001100383500004100394650003000435650002700465650002800492160319s9999 xx 000 0 und d a971-150-116-3 aFIL LB 1051 b.B87 1996 c.1 aBustos, Alicia S. aPsychological anthropological, and sociological foundations of education : b(foundations of education 1) / cAlicia S. Bustos, Socorro C. Espiritu. aRevised Edition II aQuezon City: bKatha Pub. Co., Inc., c1996 a135 pages : billustrations ; c25 cm. aIncludes bibliographical references. aEducational anthropology. aEducational sociology. xEducational psychology.